000 00453nam a2200181Ia 4500
001 14402
005 20260306164911.0
008 260306t2013||||xx |||||||||||||| ||spa||
041 _aESP
082 _a512.7
_bF43
100 _aFerreira de Pablo, Raúl
_eAUT
245 0 _aEcuaciones diferenciales y cálculo vectorial
260 _c2013
300 _aviii, 263 páginas :
_c26 cm.
650 _aGEN
654 _aCMA
942 _cLIB
_dJUS
_fJUS
_2ddc
_n
999 _c14402
_d14402